Training design for the hospitality industry (Record no. 4834)

MARC details
000 -LEADER
fixed length control field 00660nam a22002177a 4500
003 - CONTROL NUMBER IDENTIFIER
control field OSt
005 - DATE AND TIME OF LATEST TRANSACTION
control field 20251024014738.0
008 - FIXED-LENGTH DATA ELEMENTS--GENERAL INFORMATION
fixed length control field 251010b |||||||| |||| 00| 0 eng d
020 ## - INTERNATIONAL STANDARD BOOK NUMBER
International Standard Book Number 0-7668-4593-1.
040 ## - CATALOGING SOURCE
Original cataloging agency DWCL-Main lib
Transcribing agency OC
082 ## - DEWEY DECIMAL CLASSIFICATION NUMBER
Classification number Circ. 647.94071 J39t 2003
100 ## - MAIN ENTRY--PERSONAL NAME
Personal name Jaszay, Christine
245 ## - TITLE STATEMENT
Title Training design for the hospitality industry
260 ## - PUBLICATION, DISTRIBUTION, ETC.
Place of publication, distribution, etc. N. Y. :
Name of publisher, distributor, etc. Delmar Learning,
Date of publication, distribution, etc. c2003.
300 ## - PHYSICAL DESCRIPTION
Extent x, 206 pages ;
Dimensions 23 cm.
504 ## - BIBLIOGRAPHY, ETC. NOTE
Bibliography, etc. note Includes index.
650 ## - SUBJECT ADDED ENTRY--TOPICAL TERM
Source of heading or term 1. Hospitality industry-Employees-Training.
650 ## - SUBJECT ADDED ENTRY--TOPICAL TERM
Source of heading or term 2. Hospitality industry-Study and teaching.
700 ## - ADDED ENTRY--PERSONAL NAME
Personal name Dunk, Paul
942 ## - ADDED ENTRY ELEMENTS (KOHA)
Source of classification or shelving scheme Dewey Decimal Classification
Koha item type Book Circulation
Call number prefix Circ.
Suppress in OPAC No
952 ## - LOCATION AND ITEM INFORMATION (KOHA)
--
Holdings
Withdrawn status Lost status Source of classification or shelving scheme Damaged status Not for loan Home library Current library Shelving location Date acquired Source of acquisition Total Checkouts Full call number Barcode Date last seen Copy number Price effective from Koha item type Uniform Resource Identifier
    Dewey Decimal Classification     HM & Nursing Library HM & Nursing Library Circulation 12/13/2008 School Fund   Circ. 647.94071 J39t 2003 46435 10/10/2025 c1 10/10/2025 BK-CIRC